| 000 -LEADER |
| fixed length control field |
01595cam a2200397 a 4500 |
| 001 - CONTROL NUMBER |
| control field |
2155528 |
| 003 - CONTROL NUMBER IDENTIFIER |
| control field |
NUST |
| 005 - DATE AND TIME OF LATEST TRANSACTION |
| control field |
20171122120424.0 |
| 008 - FIXED-LENGTH DATA ELEMENTS--GENERAL INFORMATION |
| fixed length control field |
980702s1998 pk a b 001 0 eng |
| 010 ## - LIBRARY OF CONGRESS CONTROL NUMBER |
| LC control number |
98930419 |
| 020 ## - INTERNATIONAL STANDARD BOOK NUMBER |
| International Standard Book Number |
9780195779400 |
| 025 ## - OVERSEAS ACQUISITION NUMBER |
| Overseas acquisition number |
P-E-98930419; 12 |
| 040 ## - CATALOGING SOURCE |
| Original cataloging agency |
DLC |
| Transcribing agency |
DLC |
| Modifying agency |
DLC |
| 042 ## - AUTHENTICATION CODE |
| Authentication code |
lcode |
| 043 ## - GEOGRAPHIC AREA CODE |
| Geographic area code |
a-pk--- |
| -- |
a-ii--- |
| 050 00 - LIBRARY OF CONGRESS CALL NUMBER |
| Classification number |
DS425 |
| Item number |
.K43 1998 |
| 082 00 - DEWEY DECIMAL CLASSIFICATION NUMBER |
| Classification number |
934 KEN |
| Author Mark |
MAR |
| 100 1# - MAIN ENTRY--PERSONAL NAME |
| Personal name |
Kenoyer, Jonathan M. |
| 9 (RLIN) |
6650 |
| 245 10 - TITLE STATEMENT |
| Title |
Ancient cities of the Indus valley civilization / |
| Statement of responsibility, etc. |
Jonathan Mark Kenoyer. |
| 246 30 - VARYING FORM OF TITLE |
| Title proper/short title |
Indus valley civilization |
| 250 ## - EDITION STATEMENT |
| Edition statement |
1st ed. |
| 260 ## - PUBLICATION, DISTRIBUTION, ETC. |
| Place of publication, distribution, etc. |
Karachi : |
| Name of publisher, distributor, etc. |
Oxford University Press ; |
| Place of publication, distribution, etc. |
Islamabad : |
| Name of publisher, distributor, etc. |
American Institute of Pakistan Studies, |
| Date of publication, distribution, etc. |
1998. |
| 300 ## - PHYSICAL DESCRIPTION |
| Extent |
260 p. : |
| Other physical details |
chiefly col. ill. ; |
| Dimensions |
28 cm. |
| 500 ## - GENERAL NOTE |
| General note |
"Dedicated to the memory of George F. Dales, Jr. (1927-1992) and Walter A. Fairservis, Jr. (1924-1994)"--T.p. |
| 501 ## - WITH NOTE |
| With note |
P.B |
| 504 ## - BIBLIOGRAPHY, ETC. NOTE |
| Bibliography, etc. note |
Includes bibliographical references (p. 241-251) and index. |
| 650 #0 - SUBJECT ADDED ENTRY--TOPICAL TERM |
| Topical term or geographic name entry element |
Indus civilization. |
| 9 (RLIN) |
6651 |
| 650 #0 - SUBJECT ADDED ENTRY--TOPICAL TERM |
| Topical term or geographic name entry element |
Cities and towns, Ancient |
| Geographic subdivision |
Pakistan. |
| 9 (RLIN) |
6652 |
| 650 #0 - SUBJECT ADDED ENTRY--TOPICAL TERM |
| Topical term or geographic name entry element |
Cities and towns, Ancient |
| Geographic subdivision |
India. |
| 9 (RLIN) |
6653 |
| 651 #0 - SUBJECT ADDED ENTRY--GEOGRAPHIC NAME |
| Geographic name |
Pakistan |
| General subdivision |
Antiquities. |
| 9 (RLIN) |
1751 |
| 651 #0 - SUBJECT ADDED ENTRY--GEOGRAPHIC NAME |
| Geographic name |
India |
| General subdivision |
Antiquities. |
| 9 (RLIN) |
6654 |
| 856 42 - ELECTRONIC LOCATION AND ACCESS |
| Materials specified |
Publisher description |
| Uniform Resource Identifier |
<a href="http://www.loc.gov/catdir/enhancements/fy0605/98930419-d.html">http://www.loc.gov/catdir/enhancements/fy0605/98930419-d.html</a> |
| 906 ## - LOCAL DATA ELEMENT F, LDF (RLIN) |
| a |
7 |
| b |
cbc |
| c |
origode |
| d |
3 |
| e |
ncip |
| f |
19 |
| g |
y-gencatlg |
| 942 ## - ADDED ENTRY ELEMENTS (KOHA) |
| Source of classification or shelving scheme |
|
| Koha item type |
Book |
| Call number prefix |
IESE |